| 000 | 00475nam a2200169Ia 4500 | ||
|---|---|---|---|
| 008 | 230718s9999 xx 000 0 und d | ||
| 020 | _a9788192339702 | ||
| 041 | _aeng | ||
| 082 |
_a658.421 _bMAR |
||
| 100 |
_aMarya G. _9193439 |
||
| 245 |
_aTakecharge _bBuilding An Entrepreneur Mindset |
||
| 260 |
_c2012 _bEmterpreneur India Books |
||
| 300 | _a199 | ||
| 365 |
_cRs. _b295.00 |
||
| 700 |
_aMarya G. _9193439 |
||
| 906 |
_dO:0282225-Apr-2012B:5111-Apr-2012 _cGENRL _b73.75 |
||
| 999 |
_c330580 _d330580 |
||